Math Jokes Quiz Stats

Quiz Updated Mar 31, 2015

Challenge
Share
Tweet
Embed
Score 0/18 Timer 04:00
7 Plays Today
% Correct
Because seven eight nine.
96.1%
Because it's dangerous to drink and derive.
95.3%
Avocado's number.
94.3%
Acute angle.
93.7%
Owl-gebra.
93.4%
Sir Cumference.
92.8%
Because he is 2 square.
92.7%
Take away the S.
92.2%
A high-pot-in-use.
92%
% Correct
Pumpkin pi.
89.9%
Adders.
89.5%
Nice belt!
89.4%
A roamin' numeral.
88.6%
The square root of negative banana.
87.7%
Because X was always 10.
84.9%
They were right for each other.
84.9%
A tangent.
83.2%
It's two gross!
82.7%

You're not logged in!

Compare scores with friends on all Sporcle quizzes.
Sign Up with Email
OR
Log In

You Might Also Like...

Show Comments

Extras

Top Quizzes Today


Score Distribution

Your Account Isn't Verified!

In order to create a playlist on Sporcle, you need to verify the email address you used during registration. Go to your Sporcle Settings to finish the process.

Report this User

Report this user for behavior that violates our Community Guidelines.

Details: